000 00236nam a22001097a 4500
041 _aENG
245 _aRegional Wood Energy Development Pragamme
260 _aBankok
_bFAO
_c1987
300 _a52
650 _aFAO (01)
856 _uFAO (01)
999 _c2999
_d2999